000 00280 a2200109 4500
001 3563
082 _a( termite affected boarded out)
090 _c2827
_d2827
100 _aBarraclough, J
245 _aProgress of the Human mind, the( termite affected boarded out)
260 _bWeidenfeld
942 _aNUST-CAE
999 _c238636
_d238636